Score 0/11 Timer 01:30
19 Plays Today
Clue 4-Letter Word % Correct
12 inchesFOOT
98.7%
Shoe for a cowboyBOOT
98.6%
Spherical sporting objectBALL
95.5%
Of great heightTALL
95.3%
Cost of using a roadTOLL
93.9%
Disney movie with an animated title dogBOLT
86.8%
Capsule of cotton seedsBOLL
83%
Uniform for graduatesGOWN
82.7%
Mickey Mouse and Bugs Bunny, e.g.TOON
81.8%
A thug (as in hockey)GOON
76.9%
'Sober' bandTOOL
75.8%

Today's Daily Dose

Remove Ads.
Support Sporcle.
Get the best of Sporcle when you Go Orange. This ad-free experience offers more features, more stats, and more fun while also helping to support Sporcle. Thank you for becoming a member.

You're not logged in!

Compare scores with friends on all Sporcle quizzes.
OR
Log In

Show Comments

Extras

Top Quizzes Today


Score Distribution

Your Account Isn't Verified!

In order to create a playlist on Sporcle, you need to verify the email address you used during registration. Go to your Sporcle Settings to finish the process.

Report this User

Report this user for behavior that violates our Community Guidelines.

Details: